Statistics for Every Snoop Dogg Song on the Billboard Hot 100

Click here to take the quiz!

General Stats

  • This quiz has been taken 74 times
    (63 since last reset)
  • The average score is 7 of 43

Answer Stats

#YearSong% Correct
12004Drop It Like It's Hot ft. Pharrell Williams
75%
81994Gin And Juice
58%
931999Still D.R.E. (Dr. Dre)
46%
81994What's My Name?
40%
12010California Gurls (Katy Perry)
38%
232000The Next Episode (Dr. Dre)
38%
62004Beautiful ft. Pharrell Williams & Uncle Charlie Wilson
31%
772001Snoop Dogg
27%
52014Wiggle (Jason Derulo)
23%
72012Young, Wild & Free (Wiz Khalifa) ft. Bruno Mars
21%
502001Lay Low ft. Master P, Nate Dogg, Butch Cassidy & Tha Eastsidaz
17%
202006That's That ft. R. Kelly
15%
72008Sensual Seduction
13%
352009Gangsta Luv ft. The-Dream
12%
12006I Wanna Love You (Akon)
12%
342010Kush (Dr. Dre) ft. Akon
12%
542005Let's Get Blown (Tha Eastsidaz)
12%
462005Signs ft. Charlie Wilson & Justin Timberlake
12%
242010All I Do Is Win (DJ Khaled) ft. T-Pain, Ludacris & Rick Ross
10%
762011Boom ft. T-Pain
10%
32006Buttons (The Pussycat Dolls)
10%
562018Smile (Living My Best Life) (Lil' Duval) ft. Ball Greezy
10%
191998Still A G Thang
10%
771999B-Please ft. Xzibit & Nate Dogg
8%
121998Come And Get With Me (Keith Sweat)
8%
262014Hangover (PSY)
8%
872019Beauty In The Benz (Tory Lanez)
6%
282000Crybaby (Mariah Carey)
6%
392018Dope N****z (Lil Wayne)
6%
472000G'd Up (Tha Eastsidaz)
6%
992000Got Beef (Tha Eastsidaz) ft. Jayo Felony & Blaqthoven
6%
32003Holidae In (Chingy) Ludacris
6%
992015Institutionalized (Kendrick Lamar) ft. Bilal & Anna Wise
6%
412010I Wanna Rock
6%
1002012Snitches Ain't... (YG) ft. Tyga & Nipsey Hussle
6%
621999Woof ft. Mystikal And Fiend
6%
822014You And Your Friends (Wiz Khalifa) ft. Ty Dolla $ign
6%
842001Do U Wanna Roll (Dolittle Theme) (R.L. & Lil' Kim)
4%
772002From Tha Chuuuch To Da Palace
4%
902001Just A Baby Boy ft. Tyrese & Mr. Tan
4%
331996Never Leave Me Alone (Nate Dogg)
4%
432015Stuck On A Feeling (Prince Royce)
4%
792006Say Somethin' (Mariah Carey)
2%

Score Distribution

Percentile by Number Answered

Percent of People with Each Score

Your Score History

You have not taken this quiz since the last reset